Gaming Quiz

Random Gaming or Video Games Quiz

3-D Gaming Quiz Stats

 Plays Quiz Updated Jul 14, 2021

Support Sporcle.
Go Orange.
Score 0/18 Timer 03:00
1 Play Today
% Correct
Dollhouse
90.6%
Dreidel
87.2%
Dual
80.1%
Devil Sticks
79.2%
Duck Hunt
78.8%
Dominoes
77.6%
Doduo
77.5%
Days of Thunder
69.8%
Duke Nukem
68.1%
% Correct
Durak
67.5%
Diglett
65.4%
Double Dragon
64.8%
Doom
63.6%
Diplomacy
60.7%
Double Klondike
58.7%
Dreamyard
56.7%
Downfall
54.7%
Dutch Blitz
45.7%

You're not logged in!

Compare scores with friends on all Sporcle quizzes.
OR
Log In
Forgot?

From the Vault

US National Parks

by Ben

The National Parks Service, created by Woodrow Wilson in 1916, encompasses 391 areas and 84 million acres of land.
Remove Ads.
Support Sporcle.
Get the best of Sporcle when you Go Orange. This ad-free experience offers more features, more stats, and more fun while also helping to support Sporcle. Thank you for becoming a member.

Show Comments

Extras

Top Quizzes Today


Score Distribution

Your Account Isn't Verified!

In order to create a playlist on Sporcle, you need to verify the email address you used during registration. Go to your Sporcle Settings to finish the process.

Report this User

Report this user for behavior that violates our Community Guidelines.

Details: